Countries Producing the Most Pepper - Statistics

General Stats
  • This quiz has been taken 50 times
  • The average score is 10 of 20
Answer Stats
1000 tonnes country % Correct
55 India
100%
34 China
98%
54 Brazil
87%
5 Mexico
83%
2 Thailand
83%
82 Indonesia
80%
216 Vietnam
74%
29 Malaysia
72%
2 Philippines
59%
3 Cambodia
54%
29 Sri Lanka
52%
5 Ethiopia
30%
7 Madagascar
22%
3 Costa Rica
20%
2 Ecuador
20%
4 Ghana
17%
2 Uganda
17%
3 Rwanda
13%
2 Zimbabwe
11%
2 Malawi
7%
No matching quizzes found
Score Distribution
Percent of People with Each Score
Percentile by Number Answered
Your Score History
You have not taken this quiz